Southville International School and Colleges
Your cart is empty.
  • Cart
  • Lists
    Public lists Eva Luna New books Lux_list list_1
    Your lists Log in to create your own lists
  • Log in to your account
  • Your cookies
  • Search history
Southville International School and Colleges
  • Advanced search
  • Recent comments
  • Most popular
  • Libraries

Log in to your account

Log in with GOOGLE


If you do not have an external account, but do have a local account, you can still log in:

  1. Home
  2. MARC view: The illustrated dictionary of inventors and inventions /
Normal view MARC view ISBD view

The illustrated dictionary of inventors and inventions / (Record no. 10511)

[ view plain ]
MARC details
000 -LEADER
fixed length control field 00594nam a22002057a 4500
003 - CONTROL NUMBER IDENTIFIER
control field SISC
005 - DATE AND TIME OF LATEST TRANSACTION
control field 20160203155239.0
008 - FIXED-LENGTH DATA ELEMENTS--GENERAL INFORMATION
fixed length control field 130906t xxu||||| |||| 00| 0 eng d
020 ## - INTERNATIONAL STANDARD BOOK NUMBER
International Standard Book Number 1854716042
050 ## - LIBRARY OF CONGRESS CALL NUMBER
Classification number T 39
Item number .In45 1994
082 ## - DEWEY DECIMAL CLASSIFICATION NUMBER
Classification number HS 604.8
Item number ILL 1994
100 ## - MAIN ENTRY--PERSONAL NAME
Personal name Pollard, Michael
9 (RLIN) 15791
245 ## - TITLE STATEMENT
Title The illustrated dictionary of inventors and inventions /
Statement of responsibility, etc Michael Pollard.
260 ## - PUBLICATION, DISTRIBUTION, ETC. (IMPRINT)
Place of publication, distribution, etc London :
Name of publisher, distributor, etc Bloomsbury,
Date of publication, distribution, etc c1994.
300 ## - PHYSICAL DESCRIPTION
Extent 160 p. :
Other physical details ill. ;
Dimensions 17 cm.
651 ## - SUBJECT ADDED ENTRY--GEOGRAPHIC NAME
Geographic name Inventors
9 (RLIN) 16851
651 ## - SUBJECT ADDED ENTRY--GEOGRAPHIC NAME
Geographic name Inventions
9 (RLIN) 16852
942 ## - ADDED ENTRY ELEMENTS (KOHA)
Source of classification or shelving scheme Library of Congress Classification
Koha item type Books
Holdings
Withdrawn status Lost status Source of classification or shelving scheme Damaged status Home library Current library Shelving location Date acquired Total Checkouts Full call number Barcode Date last seen Copy number Price effective from Koha item type
    Library of Congress Classification   Luxembourg Library Luxembourg Library High School Section 09/06/2013   T 39 .In45 1994 5164 05/27/2015 1 09/06/2013 Books

The illustrated dictionary of inventors and inventions /

APA

Pollard M., . (1994). The illustrated dictionary of inventors and inventions. London: Bloomsbury.

Chicago

Pollard Michael, . 1994. The illustrated dictionary of inventors and inventions. London: Bloomsbury.

Harvard

Pollard M., . (1994). The illustrated dictionary of inventors and inventions. London: Bloomsbury.

MLA

Pollard Michael, . The illustrated dictionary of inventors and inventions. London: Bloomsbury. 1994.

  • Place hold
  • Print
  • Cite
  • Add to your cart (remove)
  • Save record
    BIBTEX Dublin Core MARCXML MARC (non-Unicode/MARC-8) MARC (Unicode/UTF-8) MARC (Unicode/UTF-8, Standard) MODS (XML) RIS
  • More searches
    Search for this title in:
    Other Libraries (WorldCat) Other Databases (Google Scholar) Online Stores (Bookfinder.com) Open Library (openlibrary.org)

Exporting to Dublin Core...

SOUTHVILLE LIBRARY

Southville International School and Colleges Library

1281 Tropical Ave. Cor. Luxembourg St., BF Homes International, Las Pinas City

Tel. No. 8256374 / 252358 Loc. 117/146

Powered by Koha